Normal view
MARC view
Entry Topical Term
001 - CONTROL NUMBER
- control field: 42565
003 - CONTROL NUMBER IDENTIFIER
- control field: ARRUPE
005 - DATE AND TIME OF LATEST TRANSACTION
- control field: 20180925144903.0
008 - FIXED-LENGTH DATA ELEMENTS
- fixed length control field: 180925|| aca||aabn | a|a d
040 ## - CATALOGING SOURCE
- Original cataloging agency: ARRUPE
- Transcribing agency: ARRUPE
150 ## - HEADING--TOPICAL TERM
- Topical term or geographic name as entry element: Zambia
- General subdivision: Ethics
670 ## - SOURCE DATA FOUND
- Source citation: Work cat.: (ARRUPE)66433: Mwewa, Stephen Kapita 42563, Traditional Zambian Eschatology and ethics confronting the advent oc Christianity, 1997